| 000 | 00693nam a22001937a 4500 | ||
|---|---|---|---|
| 005 | 20180409102844.0 | ||
| 010 | _aENG-122503 | ||
| 020 |
_a9789380574882 _c1595.00 |
||
| 035 | _aEN-106035 | ||
| 037 | _bDBAD/PUB | ||
| 082 | _a388.4132 | ||
| 245 |
_aThe state of cycle rickshaws : _ced. by Rajindra Ravi _bidentity and struggle of cycle rickshaws in national capital region / |
||
| 260 |
_aDelhi _bBookwell _c2016 |
||
| 270 |
_a3/79, Nirankari Colony, _bDelhi _e110009 _k91-11-27601283 _mbkwell@nde.vsnl.net.in, |
||
| 300 |
_a448p. _bill. picture _c23cm(Hb) |
||
| 500 | _aInclude bibliography [and] references | ||
| 700 | _dRajindra Ravi | ||
| 942 |
_2ddc _cEN _mTHE _h388.4132 |
||
| 999 |
_c150835 _d150835 |
||